Elementos de derecho público y privado / (Record no. 171488)

MARC details
000 -LEADER
campo de control de longitud fija 00529nam a22001815i 4500
001 - NÚMERO DE CONTROL
campo de control 171488
003 - IDENTIFICADOR DE NÚMERO DE CONTROL
campo de control ES-MaACL
005 - FECHA Y HORA DE LA ÚLTIMA TRANSACCIÓN
campo de control 20250809062542.0
008 - DATOS DE LONGITUD FIJA--INFORMACIÓN GENERAL
campo de control de longitud fija 090519s1963 sp |||| | spa d
080 ## - NÚMERO DE LA CLASIFICACIÓN DECIMAL UNIVERSAL
Número de la Clasificación Decimal Universal 34
100 1# - ENTRADA PRINCIPAL--NOMBRE DE PERSONA
Nombre de persona Solán Cristina, Antonio.
9 (RLIN) 140207
245 10 - MENCIÓN DEL TÍTULO
Título Elementos de derecho público y privado /
Mención de responsabilidad, etc. por Antonio Solá Cristina.
260 ## - PUBLICACIÓN, DISTRIBUCIÓN, ETC.
Lugar de publicación, distribución, etc. Barcelona :
Nombre del editor, distribuidor, etc. Nauta,
Fecha de publicación, distribución, etc. [1963]
300 ## - DESCRIPCIÓN FÍSICA
Extensión 197 p. ;
Dimensiones 22 cm.
650 07 - PUNTO DE ACCESO ADICIONAL DE MATERIA--TÉRMINO DE MATERIA
Término de materia o nombre geográfico como elemento de entrada Derecho
Fuente del encabezamiento o término embne
9 (RLIN) 11602
852 ## - LOCALIZACIÓN
Ubicación ES-MaACL
Número de control de estantería C-23393
itemnumber R.51933
Holdings
Estatus retirado Estado de pérdida Estado de daño No para préstamo Biblioteca de origen Biblioteca actual Ubicación en estantería Fecha de adquisición Fuente de adquisición Total de préstamos Signatura topográfica completa Código de barras Visto por última vez Precio de reemplazo Tipo de ítem Koha
        Biblioteca del Ateneo de Madrid Biblioteca del Ateneo de Madrid Depósito 2 19/05/2009     C-23393 1179963 23/02/2023 23/02/2023 Libro impreso